An appendix to John Bull still in his senses: or, Law is a bottomless-pit : Printed from a manuscript found in the cabinet of the famous Sir Humphry Polesworth /

Bibliographic Details
Main Author: Arbuthnot, John, 1667-1735 (Author)
Other Authors: Swift, Jonathan, 1667-1745 (supposed author.), Morphew, John (Printer)
Format: Book
Language:English
Published: London : Printed for John Morphew, near Stationer's-Hall, 1712.
Subjects:

MARC

Tag First Indicator Second Indicator Subfields
LEADER 00000cam a2200000M 4500
001 in00004036637
005 20211130160009.0
008 980505s1712 enk 000 0 eng d
035 |a (OCoLC)on1005693991 
035 |a (OCoLC)1005693991 
040 |a YUS  |b eng  |c YUS  |d OCLCQ  |d OCLCF  |d TXA  |d UtOrBLW 
043 |a e-uk--- 
049 |a TXAM 
090 |a DA495  |b 1712 .A68 
100 1 |a Arbuthnot, John,  |d 1667-1735,  |e author. 
240 1 0 |a Law is a bottomless pit.  |p Part 5 
245 1 3 |a An appendix to John Bull still in his senses: or, Law is a bottomless-pit :  |b Printed from a manuscript found in the cabinet of the famous Sir Humphry Polesworth /  |c and publish'd, (as well as the three former parts) by the author of the New Atalantis. 
264 1 |a London :  |b Printed for John Morphew, near Stationer's-Hall,  |c 1712. 
300 |a 22 pages, 2 unnumbered pages ;  |c 19 cm 
336 |a text  |b txt  |2 rdacontent 
337 |a unmediated  |b n  |2 rdamedia 
338 |a volume  |b nc  |2 rdacarrier 
500 |a "Also attributed to Jonathan Swift."--Evans. Amer. bibl. 
500 |a "Books sold by John Morphew": [2] pages at end. 
500 |a Price from imprint: "Price 3d." 
500 |a Fifth of five pamphlets, commonly called Law is a bottomless pit, or, The history of John Bull; a satire on the War of the Spanish Succession. 
500 |a The Cushing Library/Rare Books copy was acquired as part of the Lois Goddard Morrison Collection of Eighteenth Century Literature.  |5 TXA 
500 |a The Cushing Library/Rare Books Collection copy is bound with: Law is a bottomless-pit -- John Bull in his senses -- John Bull still in his senses -- Lewis Baboon turned honest, and John Bull, politician -- Appendix to John Bull still in his senses.  |5 TXA 
510 4 |a English short title catalogue,  |c T22316 
650 0 |a Spanish Succession, War of, 1701-1714  |v Humor  |v Early works to 1800. 
650 0 |a Political satire, English  |v Early works to 1800. 
651 0 |a Great Britain  |x Politics and government  |y 1702-1714  |v Pamphlets. 
651 0 |a Great Britain  |x History  |y Anne, 1702-1714  |v Pamphlets. 
650 7 |a Politics and government.  |2 fast  |0 (OCoLC)fst01919741 
651 7 |a Great Britain.  |2 fast  |0 (OCoLC)fst01204623 
648 7 |a 1702-1714  |2 fast 
655 7 |a History.  |2 fast  |0 (OCoLC)fst01411628 
655 7 |a Pamphlets.  |2 fast  |0 (OCoLC)fst01423837 
700 1 |a Swift, Jonathan,  |d 1667-1745,  |e supposed author.  |0 http://id.loc.gov/authorities/names/n78096912 
700 1 |a Morphew, John,  |e printer.  |0 http://id.loc.gov/authorities/names/nr93027031 
752 |a England  |d London. 
948 |a cataloged  |b h  |c 2018/8/20  |d enhance  |e fpiscitelli  |f 12:07:08 pm 
994 |a C0  |b TXA 
999 f f |s 831e5d69-3d08-36ad-a5d6-f9cae04bfe6c  |i eccfdfff-32f1-3863-810b-3e492bca1b27  |t 0 
952 f f |p noncirc  |a Texas A&M University  |b College Station  |c Cushing Memorial Library & Archives  |d Cushing: Rare Books (Does not check out)  |t 0  |e DA495 1712 .A64  |h Library of Congress classification  |i unmediated -- volume 
952 f f |a Texas A&M University  |b College Station  |c Cushing Memorial Library & Archives  |d Cushing: Rare Books (Does not check out)  |t 0  |e DA495 1712 .A64  |h Library of Congress classification 
998 f f |a DA495 1712 .A64  |t 0  |l Cushing: Rare Books (Does not check out)